| Tag |
First Indicator |
Second Indicator |
Subfields |
| LEADER |
00000cam a2200000 a 4500 |
| 001 |
in00000071679 |
| 005 |
20151008062337.0 |
| 007 |
hd af||||b|c| |
| 008 |
830427s1979 sz a ab i000 0 eng |
| 010 |
|
|
|a 81194977
|
| 020 |
|
|
|a 9221020541 (pbk.) :
|c 15.00F
|
| 035 |
|
|
|a (OCoLC)05470477
|
| 035 |
|
|
|9 AAK0021AM
|
| 040 |
|
|
|a DLC
|c DLC
|d TXA
|d UtOrBLW
|
| 043 |
|
|
|a a-cc---
|
| 049 |
|
|
|a TXAI
|
| 050 |
0 |
0 |
|a HQ1768
|b .C76 1980
|
| 082 |
0 |
0 |
|a 305.4/2/0951
|2 19
|
| 099 |
|
|
|a film B
|a 3761.1
|a Reel 3
|a frame 1-36
|
| 100 |
1 |
|
|a Croll, Elisabeth,
|d 1944-2007.
|
| 245 |
1 |
0 |
|a Women in rural development :
|b the People's Republic of China /
|c [Elisabeth Croll].
|
| 264 |
|
1 |
|a Geneva :
|b International Labour Office,
|c 1979
|
| 264 |
|
3 |
|c 1980 printing
|
| 300 |
|
|
|a 61 pages :
|b illustrations ;
|c 24 cm.
|
| 336 |
|
|
|a text
|b txt
|2 rdacontent
|
| 337 |
|
|
|a microform
|b h
|2 rdamedia
|
| 338 |
|
|
|a microfilm reel
|b hd
|2 rdacarrier
|
| 504 |
|
|
|a Includes bibliographical references.
|
| 533 |
|
|
|a Microfilm.
|b Frederick, MD :
|c University Publications of America,
|d 1986.
|e on reel 3 of 12 ; 35 mm.
|f (Special studies series Asia).
|
| 500 |
|
|
|a Microform.
|
| 650 |
|
0 |
|a Women in rural development
|z China.
|
| 650 |
|
0 |
|a Rural women
|x Employment
|z China.
|
| 650 |
|
0 |
|a Sex discrimination in employment
|z China.
|
| 830 |
|
0 |
|a Special studies series. Asia. 1982-1985 supplement.
|
| 999 |
|
|
|a MARS
|
| 999 |
f |
f |
|s e125e1aa-a5c1-3a19-90e6-ae07e2caa8d9
|i 68d8dbf3-f350-39f2-b76f-1657017f1854
|t 0
|
| 952 |
f |
f |
|p default
|a Texas A&M University
|b College Station
|c Sterling C. Evans Library
|d Evans: Microforms Film (3rd floor)
|t 0
|e DS35.2 .A824 Reel 3 frame 1-36
|h Library of Congress classification
|i microform -- microfilm reel
|
| 952 |
f |
f |
|p ric
|a Texas A&M University
|b Rellis Campus
|c Joint Library Facility
|d Remote Storage
|t 0
|e HN740.Z4 C7 1980
|h Library of Congress classification
|i microform -- microfilm reel
|m A14806141217
|
| 998 |
f |
f |
|a HN740.Z4 C7 1980
|t 0
|l Remote Storage
|
| 998 |
f |
f |
|a DS35.2 .A824 Reel 3 frame 1-36
|t 0
|l Evans: Microforms Film (3rd floor)
|